Le livre des masques : (Record no. 246141)
[ view plain ]
| 000 -LEADER | |
|---|---|
| fixed length control field | 01353cam a22002653a 4500 |
| 001 - CONTROL NUMBER | |
| control field | 16886 |
| 003 - CONTROL NUMBER IDENTIFIER | |
| control field | PGUSA |
| 005 - DATE AND TIME OF LATEST TRANSACTION | |
| control field | 20140828083347.0 |
| 008 - FIXED-LENGTH DATA ELEMENTS--GENERAL INFORMATION | |
| fixed length control field | 051016s2005||||xxu|||||s|||||000 | eng d |
| 040 ## - CATALOGING SOURCE | |
| Original cataloging agency | PGUSA |
| Language of cataloging | eng |
| 042 ## - AUTHENTICATION CODE | |
| Authentication code | dc |
| 050 #4 - LIBRARY OF CONGRESS CALL NUMBER | |
| Classification number | PQ |
| 100 1# - MAIN ENTRY--PERSONAL NAME | |
| Personal name | Gourmont, Remy de, |
| Dates associated with a name | 1858-1915 |
| 245 10 - TITLE STATEMENT | |
| Title | Le livre des masques : |
| Remainder of title | Portraits symbolistes |
| Medium | [electronic resource] / |
| Statement of responsibility, etc | Remy de Gourmont |
| 260 ## - PUBLICATION, DISTRIBUTION, ETC. (IMPRINT) | |
| Name of publisher, distributor, etc | Project Gutenberg, |
| Date of publication, distribution, etc | 2005 |
| 505 0# - FORMATTED CONTENTS NOTE | |
| Formatted contents note | Maurice Maeterlinck -- Émile Verhaeren -- Henri de Régnier -- Francis Vielé-Griffin -- Stéphane Mallarmé -- Albert Samain -- Pierre Quillard -- A.-F. Herold -- Adolphe Retté -- Villiers de l'Isle-Adam -- Laurent Tailhade -- Jules Renard -- Louis Dumur -- Georges Eekhoud -- Paul Adam -- Lautréamont -- Tristan Corbière -- Arthur Rimbaud -- Francis Poictevin -- André Gide -- Pierre Louys -- Rachilde -- J.-K. Huysmans -- Jules Laforgue -- Jean Moréas -- Stuart Merrill -- Saint-Pol-Roux -- Robert de Montesquiou -- Gustave Kahn -- Paul Verlaine. |
| 506 ## - RESTRICTIONS ON ACCESS NOTE | |
| Terms governing access | Public domain in the USA. |
| 516 ## - TYPE OF COMPUTER FILE OR DATA NOTE | |
| Type of computer file or data note | Electronic text |
| 653 ## - INDEX TERM--UNCONTROLLED | |
| Uncontrolled term | French literature -- 19th century -- History and criticism |
| 653 ## - INDEX TERM--UNCONTROLLED | |
| Uncontrolled term | Symbolism in literature |
| 700 1# - ADDED ENTRY--PERSONAL NAME | |
| Personal name | Vallotton, Félix, |
| Dates associated with a name | 1865-1925 |
| 830 #0 - SERIES ADDED ENTRY--UNIFORM TITLE | |
| Uniform title | Project Gutenberg |
| Volume number/sequential designation | 16886 |
| 856 40 - ELECTRONIC LOCATION AND ACCESS | |
| Uniform Resource Identifier | <a href="http://www.gutenberg.org/ebooks/16886">http://www.gutenberg.org/ebooks/16886</a> |
| 942 ## - ADDED ENTRY ELEMENTS (KOHA) | |
| Koha item type | eBooks |
| Withdrawn status | Lost status | Damaged status | Home library | Current library | Date acquired | Total Checkouts | Date last seen | Price effective from | Koha item type |
|---|---|---|---|---|---|---|---|---|---|
| Project Gutenberg | Project Gutenberg | 08/28/2014 | 08/28/2014 | 08/28/2014 | eBooks |